000 00785cam a22002414a 4500
001 12664805
005 20180308044129.0
008 020201s2002 mdu b 000 0 eng
010 _a 2002016404
020 _a1557665990
040 _aDLC
_cDLC
_dDLC
041 _aeng
042 _apcc
080 _a649.1 SAM
082 0 0 _a649.1 SAM
_221
100 1 _a50
101 _aPSI
245 1 0 _aRaising resilient children :
_cSam Goldstein & Robert Brooks.
504 _aIncludes bibliographical references (p. 93-94).
906 _a7
_bcbc
_corignew
_d1
_eocip
_f20
_gy-gencatlg
942 _2ddc
_cBK
999 _c44418
_d44418